LEADER 01131nam a2200253 i 4500 001 991003667349707536 008 960614s1990 it ||| | ita 020 $a8842036609 035 $ab11195848-39ule_inst 040 $aDip.to scienze storiche$bita 082 04$a266 100 1 $aSaxer, Victor$0212958 245 13$aLe dossier vezelien de Marie Madeleine :$binvention et translation des reliques en 1265-1267 : contribution a l'histoire du culte de la sainte a Vezelay a l'apogee du moyen age /$cpar Victor Saxer 260 $aBruxelles :$bSociété des Bollandistes,$c1975 300 $aXI, 291 p. ;$c25 cm. 490 0 $aSubsidia Hagiographica ;$v57 501 $aPubbl. con: Libellus Vizeliacensis de reliquiis et translatione beate Marie Magdalene 600 04$aMaria Maddalena$c$xCulto$ySec. 12.-13. 907 $a.b11195848$b23-02-17$c01-07-02 912 $a991003667349707536 945 $aLE009 Coll. II, 57$g1$lle009$o-$pE0.00$q-$rn$so $t0$u0$v0$w0$x0$y.i1528489x$z21-06-11 996 $aDossier vezelien de Marie Madeleine$9870935 997 $aUNISALENTO 998 $ale009$b21-06-11$cm$da $e-$fmul$gbe $h3$i3 LEADER 01621nam 2200349 450 001 996551164203316 005 20231205191927.0 010 $a1-5044-8779-6 024 70$a10.1109/IEEESTD.2022.10251759 035 $a(CKB)28228611000041 035 $a(NjHacI)9928228611000041 035 $a(EXLCZ)9928228611000041 100 $a20231205d2023 uy 0 101 0 $aeng 135 $aur||||||||||| 181 $ctxt$2rdacontent 182 $cc$2rdamedia 183 $acr$2rdacarrier 200 10$a1597.1-2022 - IEEE Standard for Validation of Computational Electromagnetics Computer Modeling and Simulations /$fIEEE 210 1$aNew York :$cIEEE,$d[2023] 210 4$d©2023 215 $a1 online resource (52 pages) 330 $aA method to validate computational electromagnetics computer modeling and simulation techniques, codes, and models is defined in this standard. It is applicable to a wide variety of electromagnetic applications including, but not limited to, the fields of electromagnetic compatibility, radar cross section, signal integrity, and antennas. Validation of a particular solution data set can be achieved by comparison to the data set obtained by measurements, alternative codes, canonical methods, or analytic methods. 606 $aElectromagnetism$xMathematics 615 0$aElectromagnetism$xMathematics. 676 $a537.0151 801 0$bNjHacI 801 1$bNjHacl 906 $aBOOK 912 $a996551164203316 996 $a1597.1-2022 - IEEE Standard for Validation of Computational Electromagnetics Computer Modeling and Simulations$93562062 997 $aUNISA